Teoretický prehľad konceptov kreatívneho priemyslu v krajinách ázijských tigrov

Teoretická analýza prístupov ku kreatívnemu priemyslu v ázijskom regióne, a to konkrétne v krajinách ázijských tigrov, alebo, inak povedané v krajinách prvej vlny industrializácie. Koncept kreatívneho priemyslu vznikol na európskom kontinente, s neustálym rozvojom sa však v čoraz väčšej miere začína...

Full description

Saved in:
Bibliographic Details
Main Author: Baculáková, Kristína, 1988-
Format: Book Chapter
Language:Slovak
Subjects:
Tags: Add Tag
No Tags, Be the first to tag this record!

MARC

LEADER 00000nla a2200000 4500
001 0240608
005 20240502073920.1
041 0 |a slo 
044 |a SK 
245 1 0 |a Teoretický prehľad konceptov kreatívneho priemyslu v krajinách ázijských tigrov  |c Kristína Baculáková 
520 |a Teoretická analýza prístupov ku kreatívnemu priemyslu v ázijskom regióne, a to konkrétne v krajinách ázijských tigrov, alebo, inak povedané v krajinách prvej vlny industrializácie. Koncept kreatívneho priemyslu vznikol na európskom kontinente, s neustálym rozvojom sa však v čoraz väčšej miere začína uplatňovať podpora kreatívnych odvetví v Ázii. Hlavne rozvinuté, moderné ekonomiky Japonska, Južnej Kórei či Hongkongu hľadajú nové zdroje rozvoja a rastu, ktorý bude inovatívny a hlavne trvalo udržateľný. 
610 2 0 |a Japonsko 
610 2 0 |a Južná Kórea 
610 2 0 |a Hongkong 
610 2 0 |a priemysel kreatívny 
610 2 0 |a industrializácia 
610 2 0 |a rozvoj trvalo udržateľný 
100 1 |a Baculáková, Kristína, 1988-